Earth Is But A Star (Record no. 169282)

MARC details
000 -LEADER
fixed length control field 00538nam a22001817a 4500
003 - CONTROL NUMBER IDENTIFIER
control field dpl
005 - DATE AND TIME OF LATEST TRANSACTION
control field 20191113150633.0
008 - FIXED-LENGTH DATA ELEMENTS--GENERAL INFORMATION
fixed length control field 191113b ||||| |||| 00| 0 eng d
010 ## - LIBRARY OF CONGRESS CONTROL NUMBER
LC control number A-936137
035 ## - SYSTEM CONTROL NUMBER
System control number aA-936137
040 ## - CATALOGING SOURCE
Transcribing agency 0
100 ## - MAIN ENTRY--PERSONAL NAME
Personal name Moulik,Achala
Dates associated with a name 1997
245 ## - TITLE STATEMENT
Title Earth Is But A Star
Statement of responsibility, etc Achala Moulik
Medium English
260 ## - PUBLICATION, DISTRIBUTION, ETC. (IMPRINT)
Place of publication, distribution, etc New Delhi 5 Ansari Road
Name of publisher, distributor, etc UBSPD UBS Publishers'Distributors Ltd.
Date of publication, distribution, etc 1997
300 ## - PHYSICAL DESCRIPTION
Extent 340p.
Dimensions 21cms
Size of unit 21cms
500 ## - GENERAL NOTE
General note About - The Conquerors -A novel
942 ## - ADDED ENTRY ELEMENTS (KOHA)
Source of classification or shelving scheme Dewey Decimal Classification
Koha item type English Books
Classification part N
Item part MOU
Call number prefix N
Call number suffix MOU
Holdings
Withdrawn status Lost status Source of classification or shelving scheme Damaged status Not for loan Collection code Home library Current library Date acquired Source of acquisition Cost, normal purchase price Total Checkouts Full call number Barcode Date last seen Cost, replacement price Price effective from Koha item type
    Dewey Decimal Classification     Fiction Shahdara Branch Shahdara Branch 13/11/2019 BPPD/PUB 0.00   N MOU A-936137 13/11/2019 0.00 13/11/2019 English Books

© Delhi Public Library
Hit Counter
free hit counter